A cautious new approach : China's growing trilateral aid cooperation /

Bibliographic Details
Main Author: Zhang, Denghua (Author)
Corporate Author: JSTOR (Organization)
Format: eBook
Language:English
Published: Acton, A.C.T. : ANU Press, 2020.
Series:Pacific Affairs Series.
Subjects:
Online Access:Connect to the full text of this electronic book

MARC

Tag First Indicator Second Indicator Subfields
LEADER 00000cam a2200000 i 4500
001 in00004359321
005 20220105170649.0
006 m o d
007 cr cnu---unuuu
008 200318s2020 acaa fob 000 0 eng d
019 |a 1150789550  |a 1150923553  |a 1153004928  |a 1154246107  |a 1156396638 
020 |a 9781760463489  |q (electronic bk.) 
020 |a 1760463485  |q (electronic bk.) 
020 |z 9781760463472  |q (print) 
020 |z 1760463477  |q (print) 
035 |a (OCoLC)on1145170978 
035 |a (OCoLC)1145170978  |z (OCoLC)1150789550  |z (OCoLC)1150923553  |z (OCoLC)1153004928  |z (OCoLC)1154246107  |z (OCoLC)1156396638 
037 |a 22573/ctv103g98k  |b JSTOR 
040 |a ANV  |b eng  |e rda  |e pn  |c ANV  |d JSTOR  |d AUNED  |d EBLCP  |d OCLCF  |d ANV  |d YDX  |d SFB  |d OCLCQ  |d OCLCO  |d UtOrBLW 
043 |a a-cc--- 
049 |a TXAM 
050 4 |a DS779.46  |b .Z43 2020 
082 0 4 |a 951.06  |2 23 
100 1 |a Zhang, Denghua,  |e author.  |0 http://id.loc.gov/authorities/names/n2021063475 
245 1 2 |a A cautious new approach :  |b China's growing trilateral aid cooperation /  |c Denghua Zhang. 
264 1 |a Acton, A.C.T. :  |b ANU Press,  |c 2020. 
300 |a 1 online resource (xvii, 308 pages) 
336 |a text  |b txt  |2 rdacontent 
337 |a computer  |b c  |2 rdamedia 
338 |a online resource  |b cr  |2 rdacarrier 
347 |a text file 
347 |b PDF 
347 |c 2.6MB 
490 1 |a Pacific Affairs Series 
520 1 |a This book breaks new ground by examining a little known dimension of China's foreign policy: trilateral aid cooperation. Denghua Zhang sets this highly original analysis in the context of the new assertiveness of Chinese foreign policy under Xi Jinping, the China International Development Cooperation Agency established in 2018, and the Belt and Road Initiative, which now serves as the framework for Chinese overseas aid and engagement. At a time when the debate in the West about the rise of China has intensified, not always knowledgeably, this book fills an important gap in our understanding of China in South East Asia and the Pacific. 
504 |a Includes bibliographical references. 
505 0 |a Intro -- Acknowledgements -- Abbreviations -- Glossary of Chinese Terms -- List of Figures -- List of Tables -- 1. Introduction -- 2. Conceptualising Chinese Aid Motivations -- 3. China's Foreign Aid and Trilateral Cooperation: Interest Calculations, International Engagement and Domestic Institutions -- 4. The UNDP as a Catalyst for China's Development Cooperation: The Case of the China-UNDP-Cambodia Trilateral Cassava Project -- 5. Peaceful Coexistence in the Pacific? China-Australia-Papua New Guinea Trilateral Malaria Project 
505 8 |a 6. A Tango of Two Superpowers: China-US-Timor-Leste Trilateral Cooperation on Food Security -- 7. Assessing China's Trilateral Aid Cooperation and Foreign Aid Reform -- Conclusion -- References 
540 |a Licensed under Creative Commons. Attribution-NonCommercial-NoDerivatives 4.0 International (CC BY-NC-ND 4.0).  |u https://creativecommons.org/licenses/by-nc-nd/4.0  |5 AU-CaNED 
651 0 |a China  |x Politics and government.  |0 http://id.loc.gov/authorities/subjects/sh85024153 
651 0 |a China  |x Foreign relations.  |0 http://id.loc.gov/authorities/subjects/sh85024025 
651 0 |a China  |x Foreign economic relations.  |0 http://id.loc.gov/authorities/subjects/sh2008100092 
650 7 |a Diplomatic relations.  |2 fast  |0 (OCoLC)fst01907412 
650 7 |a International economic relations.  |2 fast  |0 (OCoLC)fst00976891 
650 7 |a Politics and government.  |2 fast  |0 (OCoLC)fst01919741 
651 7 |a China.  |2 fast  |0 (OCoLC)fst01206073 
655 7 |a Electronic books.  |2 local 
710 2 |a JSTOR (Organization)  |0 http://id.loc.gov/authorities/names/no97001983 
830 0 |a Pacific Affairs Series. 
856 4 0 |u https://www.jstor.org/stable/10.2307/j.ctv103xdqk  |z Connect to the full text of this electronic book  |t 0 
955 |a JSTOR Open Access ebooks 
994 |a 92  |b TXA 
999 f f |s c4da4516-7043-3311-a825-e6095191e8ac  |i 43ff1035-65a5-3482-aa4b-1ccdc4542df1  |t 0 
952 f f |a Texas A&M University  |b College Station  |c Electronic Resources  |d Available Online  |t 0  |e DS779.46 .Z43 2020  |h Library of Congress classification 
998 f f |a DS779.46 .Z43 2020  |t 0  |l Available Online